Obezřetnost se vyplácí
Record details
- ISBN: 978-80-87456-51-4
- Physical Description: 51 stran : barevné ilustrace ; 21 cm
- Edition: Vydání první
- Publisher: Plzeň : Člověk v tísni, o.p.s., pobočka Plzeň, 2014
Content descriptions
| General Note: | Název z obálky |
Search for related items by subject
| Subject: | zadluženost > Česko právní jednání > Česko právní pomoc > Česko debt > Czechia legal proceedings > Czechia legal aid > Czechia |
| Genre: | příručky handbooks and manuals |
Available copies
- 1 of 1 copy available at Common Catalog SPOK.
Holds
- 0 current holds with 1 total copy.
Show Only Available Copies
| Location | Call Number / Copy Notes | Barcode | Shelving Location | Status | Due Date |
|---|---|---|---|---|---|
| Varianty | Cho Ob | 4605401186 | Šafaříkova 17 - 5. patro, chodba | Available | - |
| LDR | 01432nam a2200445 i 4500 | ||
|---|---|---|---|
| 001 | 31727 | ||
| 003 | CZ-PrJAB | ||
| 005 | 20190508080349.0 | ||
| 007 | ta | ||
| 008 | 151001s2014 xr a e f 000 0 cze | ||
| 015 | . | ‡acnb002613423 | |
| 020 | . | ‡a978-80-87456-51-4 ‡q(brožováno) | |
| 035 | . | ‡a(CZ PrNK)nkc20142613423 | |
| 035 | . | ‡a(OCoLC)928737144 | |
| 040 | . | ‡aABA001 ‡bcze ‡erda | |
| 043 | . | ‡ae-xr--- | |
| 072 | 7. | ‡a347 ‡xSoukromé právo ‡2Konspekt ‡916 | |
| 080 | . | ‡a336:005.931.2 ‡2MRF | |
| 080 | . | ‡a347.132/.135 ‡2MRF | |
| 080 | . | ‡a347.921.8 ‡2MRF | |
| 080 | . | ‡a(437.3) ‡2MRF | |
| 080 | . | ‡a(035) ‡2MRF | |
| 245 | 0 | 0. | ‡aObezřetnost se vyplácí |
| 250 | . | ‡aVydání první | |
| 264 | 1. | ‡aPlzeň : ‡bČlověk v tísni, o.p.s., pobočka Plzeň, ‡c2014 | |
| 300 | . | ‡a51 stran : ‡bbarevné ilustrace ; ‡c21 cm | |
| 336 | . | ‡atext ‡btxt ‡2rdacontent | |
| 337 | . | ‡abez média ‡bn ‡2rdamedia | |
| 338 | . | ‡asvazek ‡bnc ‡2rdacarrier | |
| 500 | . | ‡aNázev z obálky | |
| 650 | 0 | 7. | ‡azadluženost ‡7ph347592 ‡zČesko ‡2czenas |
| 650 | 0 | 7. | ‡aprávní jednání ‡7ph124712 ‡zČesko ‡2czenas |
| 650 | 0 | 7. | ‡aprávní pomoc ‡7ph118030 ‡zČesko ‡2czenas |
| 650 | 0 | 9. | ‡adebt ‡zCzechia ‡2eczenas |
| 650 | 0 | 9. | ‡alegal proceedings ‡zCzechia ‡2eczenas |
| 650 | 0 | 9. | ‡alegal aid ‡zCzechia ‡2eczenas |
| 655 | 7. | ‡apříručky ‡7fd133209 ‡2czenas | |
| 655 | 9. | ‡ahandbooks and manuals ‡2eczenas | |
| 910 | . | ‡aABH006 | |
| 901 | . | ‡a31727 ‡b ‡c31727 ‡tbiblio | |